000 00313nam a22001337a 4500
008 170331b xxu||||| |||| 00| 0 eng d
020 _a2900803607919
041 _aeng
080 _a617
100 _a8
101 _aSHM
245 _aEVALUATION OF ORTHOPEDIC AND ATHLETIC INJURES
_cSTARKEY..CH
942 _2udc
_cBK
999 _c9347
_d9347